Piłkarze z największą ilością meczów z Neymarem w jednej drużynie - Statystyki

Ogólne statystyki
  • Ten quiz został rozwiązany 41 razy
  • Średni wynik to 4 z 10
Statystyki odpowiedzi
Liczba meczów Piłkarz % Poprawnych
206 Lionel Messi
100%
200 Dani Alves
73%
158 Sergio Busquets
62%
144 Gerard Piqué
54%
143 Thiago Silva
41%
202 Marquinho
35%
144 Javier Mascherano
24%
145 Arouca
0%
167 Durval
0%
147 Rafael Cabral
0%
Nie znaleziono quizów pasujących do podanych kryteriów
Rozkład punktacji
Procent ludzi z każdym wynikiem
Percentyl według liczby udzielonych odpowiedzi
Twoja historia wyników
Nie rozwiązałeś tego quizu